000
00314nam a22001337a 4500
008
170619b xxu||||| |||| 00| 0 eng d
020
_a
9780813337692
041
_a
eng
080
_2
5TH
_a
32
100
_a
20
101
_a
SHP
245
_a
LATIN AMERICAN POLITICS AND DEVELOPMENT
_c
WIARDA,H.J
942
_2
udc
_c
BK
999
_c
18092
_d
18092